| 000 | 00624nam a2200193 4500 | ||
|---|---|---|---|
| 999 |
_c165216 _d165216 |
||
| 005 | 20190611170724.0 | ||
| 010 | _aENG-125530 | ||
| 020 |
_a9789353162627 _c425.00 |
||
| 035 | _aEN-109062 | ||
| 037 | _bDBAD/PUB | ||
| 082 | _a604.2 | ||
| 100 | _aAgrawal, Basant | ||
| 245 |
_aEngineering graphics : _cby Basant Agrawal [and] CM Agrawal |
||
| 260 |
_aChennai _bMc Graw Hill Education _c2019 |
||
| 270 |
_a444/1, Sri Ekambara Naickr, Industrial Estate _bAlapakkam Porur, Chennai _e600116 _k18001035875 |
||
| 300 |
_avarious paging. _c24cm(pbk) |
||
| 700 | _aAgrawal, CM | ||
| 942 |
_2ddc _cEN _h604.2 _mAGR |
||